000 00712nam a2200265Ia 4500
003 OSt
005 20221006150905.0
006 a|||||r|||| 00| 0
007 ta
008 221006b |||||||| |||| 00| 0 jpn d
020 _c¥1500
024 _a20,122
037 _bGift, Japan Foundation
_cTextual
040 _aEASL
_cEASL
_bjpn
041 _2jpn
_ajpn
082 _aWv42.N7, L4
100 _aHASHIKAWA Bunzo
_9657252
245 0 _aKindai nihon seiji shiso no shoso
260 _aTokyo
_bMiraisha Japan
_c1974
300 _a389p.
_ccm.
490 _v JL
650 _aJL
942 _hWv42.N7, L4
_cTEXL
_2CC
999 _c1088208
_d1088208